Guess the countries by their satellite images 2 - Statistics

General Stats
  • This quiz has been taken 24 times
  • The average score is 11 of 16
Answer Stats
Picture Answer % Correct
United States
91%
Denmark
87%
Ireland
87%
Madagascar
87%
Philippines
87%
Sweden
83%
Thailand
83%
Netherlands
78%
Nicaragua
78%
Papua New Guinea
78%
Trinidad and tobago
65%
Nauru
61%
Estonia
57%
Uruguay
57%
Tunisia
43%
Belize
26%
No matching quizzes found
Score Distribution
Percent of People with Each Score
Percentile by Number Answered
Your Score History
You have not taken this quiz